[Event "Zadar op-A 25th"]
[Site "Zadar"]
[Date "2018.12.20"]
[Round "7"]
[White "Karthik, Kumar Pradeep"]
[Black "Ojas, Kulkarni"]
[Result "1/2-1/2"]
[WhiteElo "2230"]
[BlackElo "2282"]
[PlyCount "143"]
[EventDate "2018.12.15"]
[EventType "swiss"]
[EventRounds "9"]
[EventCountry "CRO"]
[SourceTitle "CBM 187 Extra"]
[Source "ChessBase"]
[SourceDate "2018.11.04"]
[SourceVersion "1"]
[SourceVersionDate "2018.11.04"]
[SourceQuality "1"]

1. d4 Nf6 2. c4 b6 3. f3 d6 4. e4 e5 5. d5 Be7 6. Be3 Nh5 7. Nc3 Nd7 8. Nge2 Bg5 9. Bf2 Nf4 10. h4 Nxe2 11. Qxe2 Be7 12. g3 a5 13. Bh3 Nc5 14. Bxc8 Qxc8 15. Bxc5 bxc5 16. 0-0-0 a4 17. a3 h5 18. f4 Bf6 19. f5 Qa6 20. Nb5 Kd7 21. Rhf1 Rab8 22. Rd3 Rb7 23. Rc3 Ke7 24. Rf2 Qa5 25. Kd1 Rbb8 26. Rcf3 Rb7 27. Qd2 Qa6 28. Ke1 Kd7 29. Kf1 Rbb8 30. Kg2 Rb7 31. Kh2 Ke7 32. Rf1 Ra8 33. Rc3 Qa5 34. Qe2 Rh8 35. Kg2 Kd7 36. Ra1 Ke7 37. Qc2 Ra8 38. Qd1 Rh8 39. Rac1 Rbb8 40. Qe2 Rb7 41. Ra1 Rbb8 42. Rd3 Rb7 43. Qd2 Ra8 44. Qxa5 Rxa5 45. Rf1 Kd7 46. Rf2 Rb8 47. Kf1 Rh8 48. Ke1 Rb8 49. Kd1 Rh8 50. Kc1 Rb8 51. Kb1 Rh8 52. Ka2 Rha8 53. Rg2 Rh8 54. Rd1 Rha8 55. Rh1 Rh8 56. Nc3 Ra6 57. b3 axb3+ 58. Kxb3 Rb8+ 59. Nb5 Rh8 60. a4 Rha8 61. Ra2 Ra5 62. Rb1 Rb8 63. Ka3 Rba8 64. Nc3 Be7 65. Rab2 Kc8 66. Rg1 Bf6 67. Rb5 R5a6 68. Rgb1 R6a7 69. R1b2 Be7 70. Rb1 Bf6 71. R1b2 Be7 72. Rb1 1/2-1/2

[Event "Zadar op-A 25th"]
[Site "Zadar"]
[Date "2018.12.16"]
[Round "2"]
[White "Tica, Sven"]
[Black "Karthik, Kumar Pradeep"]
[Result "1/2-1/2"]
[WhiteElo "2439"]
[BlackElo "2230"]
[PlyCount "89"]
[EventDate "2018.12.15"]
[EventType "swiss"]
[EventRounds "9"]
[EventCountry "CRO"]
[SourceTitle "CBM 187 Extra"]
[Source "ChessBase"]
[SourceDate "2018.11.04"]
[SourceVersion "1"]
[SourceVersionDate "2018.11.04"]
[SourceQuality "1"]

1. d4 Nf6 2. c4 e6 3. g3 Bb4+ 4. Bd2 Bxd2+ 5. Nxd2 d6 6. e3 0-0 7. Bg2 e5 8. Ne2 c6 9. 0-0 Nbd7 10. b4 exd4 11. Nxd4 Ne5 12. Qb3 c5 13. Nb5 a6 14. Nc3 cxb4 15. Qxb4 Nd3 16. Qb1 Nc5 17. Nb3 Rb8 18. Rd1 Qb6 19. Nd4 Qc7 20. Qb4 Bd7 21. Rab1 Bc6 22. Nf5 Rfd8 23. Qb6 Qxb6 24. Rxb6 Bxg2 25. Kxg2 Nfe4 26. Nxe4 Nxe4 27. Rd4 Nc5 28. Nxd6 Rd7 29. Kf3 Kf8 30. Ne4 Rc7 31. Nxc5 Rxc5 32. Ke4 Rbc8 33. Rxb7 Rxc4 34. Ra7 R8c6 35. a4 g6 36. a5 R4c5 37. Rd5 Rc4+ 38. Kd3 Rc3+ 39. Ke2 Ra3 40. Kf3 Ra2 41. g4 Rf6+ 42. Ke4 Re6+ 43. Kf3 Rf6+ 44. Ke4 Re6+ 45. Kf3 1/2-1/2

[Event "Zadar op-A 25th"]
[Site "Zadar"]
[Date "2018.12.15"]
[Round "1"]
[White "Karthik, Kumar Pradeep"]
[Black "Ivekovic, Bozidar1"]
[Result "1-0"]
[WhiteElo "2230"]
[BlackElo "2406"]
[PlyCount "81"]
[EventDate "2018.12.15"]
[EventType "swiss"]
[EventRounds "9"]
[EventCountry "CRO"]
[SourceTitle "CBM 187 Extra"]
[Source "ChessBase"]
[SourceDate "2018.11.04"]
[SourceVersion "1"]
[SourceVersionDate "2018.11.04"]
[SourceQuality "1"]

1. d4 d5 2. c4 c6 3. Nf3 Nf6 4. e3 Bf5 5. Nc3 e6 6. Nh4 Be4 7. f3 Bg6 8. Qb3 Qc7 9. Bd2 Bd6 10. Nxg6 hxg6 11. f4 Nbd7 12. Rc1 Qb6 13. Qc2 Bb4 14. c5 Qd8 15. g3 Bxc3 16. Bxc3 Ne4 17. Bg2 Ndf6 18. Qe2 Qc7 19. 0-0 Ke7 20. Rfd1 g5 21. b4 Rh7 22. Be1 Rah8 23. Bf3 gxf4 24. exf4 g5 25. Bxe4 Nxe4 26. fxg5 Nxg5 27. Bd2 Ne4 28. Bf4 Qc8 29. Rc2 Qg8 30. Qf3 Qg6 31. Rg2 f6 32. b5 Qe8 33. bxc6 Qxc6 34. Rb2 Rh5 35. Rdb1 e5 36. Rxb7+ Kd8 37. Rxa7 Qc8 38. Bxe5 Rxe5 39. Qa3 Nd2 40. Qa5+ Ke8 41. Ra8 1-0

[Event "Paracin IM 2nd"]
[Site "Paracin"]
[Date "2018.12.08"]
[Round "8"]
[White "Karthik, Kumar Pradeep"]
[Black "Rakshitta, Ravi"]
[Result "0-1"]
[WhiteElo "2230"]
[BlackElo "2141"]
[PlyCount "74"]
[EventDate "2018.12.03"]
[EventType "tourn"]
[EventRounds "9"]
[EventCountry "SRB"]
[SourceTitle "CBM 187 Extra"]
[Source "ChessBase"]
[SourceDate "2018.11.04"]
[SourceVersion "1"]
[SourceVersionDate "2018.11.04"]
[SourceQuality "1"]

1. d4 Nf6 2. c4 e6 3. g3 d5 4. Nf3 Be7 5. Bg2 0-0 6. 0-0 dxc4 7. Qc2 a6 8. a4 Bd7 9. Qxc4 Bc6 10. Bf4 a5 11. Nc3 Na6 12. Rac1 Nd5 13. Ne5 Nxc3 14. Nxc6 Nxe2+ 15. Qxe2 bxc6 16. Bxc6 Ra7 17. Be3 Nb4 18. d5 Nxc6 19. dxc6 Ra8 20. Rfd1 Bd6 21. Bc5 Qe7 22. Bxd6 cxd6 23. Qb5 d5 24. c7 Rfc8 25. Qb7 g6 26. Rd3 Qb4 27. Rb3 Qxb7 28. Rxb7 Kf8 29. f4 Ke7 30. Kf2 Kd7 31. Ke3 Ra6 32. Rc5 Kd6 33. Kd4 f6 34. Rc3 h5 35. h4 Rc6 36. Rxc6+ Kxc6 37. Ra7 Kb6 0-1

[Event "Paracin IM 2nd"]
[Site "Paracin"]
[Date "2018.12.07"]
[Round "6"]
[White "Karthik, Kumar Pradeep"]
[Black "Lajthajm, Borko"]
[Result "1-0"]
[WhiteElo "2230"]
[BlackElo "2405"]
[PlyCount "113"]
[EventDate "2018.12.03"]
[EventType "tourn"]
[EventRounds "9"]
[EventCountry "SRB"]
[SourceTitle "CBM 187 Extra"]
[Source "ChessBase"]
[SourceDate "2018.11.04"]
[SourceVersion "1"]
[SourceVersionDate "2018.11.04"]
[SourceQuality "1"]

1. d4 Nf6 2. c4 e6 3. g3 Bb4+ 4. Bd2 Qe7 5. Bg2 Nc6 6. e3 d5 7. a3 Bxd2+ 8. Nxd2 a5 9. Ne2 0-0 10. Nc3 Rd8 11. 0-0 b6 12. Qa4 Bb7 13. Rfd1 Nb8 14. e4 dxe4 15. Ndxe4 Nxe4 16. Nxe4 Ra7 17. Rac1 Bc6 18. Qb3 a4 19. Qe3 Bxe4 20. Bxe4 Qf6 21. c5 Nd7 22. Bc6 g6 23. Rd2 Kg7 24. Rc4 bxc5 25. dxc5 Nb8 26. Bxa4 Rxd2 27. Qxd2 c6 28. Rd4 Qe5 29. Rc4 Rb7 30. b3 f6 31. Qc3 Qf5 32. Rd4 e5 33. Rd6 Ra7 34. Qd3 e4 35. Qd4 Re7 36. b4 e3 37. fxe3 Qf3 38. Bd1 Qxe3+ 39. Qxe3 Rxe3 40. a4 Na6 41. b5 Nxc5 42. Rxc6 Nd3 43. Kg2 Re1 44. Bf3 Rb1 45. Be4 Rb2+ 46. Kf1 Ne5 47. Rc7+ Kh6 48. a5 f5 49. Bc6 Nxc6 50. bxc6 Ra2 51. Ra7 Rc2 52. c7 Kg5 53. Rb7 Kg4 54. a6 f4 55. gxf4 Kf3 56. Rb3+ Kxf4 57. a7 1-0

[Event "Budapest FS11 IM"]
[Site "Budapest"]
[Date "2018.11.09"]
[Round "6"]
[White "Karthik, Kumar Pradeep"]
[Black "Saksham, Rautela"]
[Result "1/2-1/2"]
[WhiteElo "2183"]
[BlackElo "2127"]
[PlyCount "76"]
[EventDate "2018.11.03"]
[EventType "tourn"]
[EventRounds "9"]
[EventCountry "HUN"]
[SourceTitle "CBM 187 Extra"]
[Source "ChessBase"]
[SourceDate "2018.11.04"]
[SourceVersion "1"]
[SourceVersionDate "2018.11.04"]
[SourceQuality "1"]

1. Nf3 Nf6 2. c4 g6 3. b4 Bg7 4. Bb2 0-0 5. g3 b6 6. Bg2 Bb7 7. 0-0 a5 8. a3 d6 9. d3 e5 10. Nc3 Nbd7 11. e4 Ne8 12. h4 c6 13. h5 Nc7 14. hxg6 hxg6 15. Ne1 Ne6 16. Nc2 Nd4 17. Nxd4 exd4 18. Ne2 c5 19. b5 Qc7 20. Bc1 Rae8 21. Nf4 Be5 22. Nh3 Bg7 23. Ra2 f5 24. exf5 Bxg2 25. Kxg2 Rxf5 26. Nf4 Qa7 27. Re2 Rfe5 28. Rfe1 Bh6 29. Rxe5 Rxe5 30. Rh1 Bxf4 31. Bxf4 Rf5 32. Qg4 Nf6 33. Qe2 d5 34. Bd2 dxc4 35. dxc4 Nd7 36. f4 Rf6 37. Re1 Nf8 38. Qd3 Rd6 1/2-1/2

[Event "Budapest FS11 IM"]
[Site "Budapest"]
[Date "2018.11.07"]
[Round "5"]
[White "Luong, Phuong Hanh"]
[Black "Karthik, Kumar Pradeep"]
[Result "1-0"]
[WhiteElo "2228"]
[BlackElo "2183"]
[PlyCount "103"]
[EventDate "2018.11.03"]
[EventType "tourn"]
[EventRounds "9"]
[EventCountry "HUN"]
[SourceTitle "CBM 187 Extra"]
[Source "ChessBase"]
[SourceDate "2018.11.04"]
[SourceVersion "1"]
[SourceVersionDate "2018.11.04"]
[SourceQuality "1"]

1. d4 Nf6 2. Nf3 e6 3. e3 b6 4. Bd3 Bb7 5. 0-0 d5 6. b3 Bd6 7. Bb2 c5 8. Nbd2 0-0 9. Ne5 Nc6 10. a3 Rc8 11. Ng4 Be7 12. f4 Nxg4 13. Qxg4 f5 14. Qe2 Bf6 15. Nf3 Na5 16. b4 Nc4 17. Bc3 cxb4 18. Bxb4 Rf7 19. Rfb1 Rfc7 20. a4 Bc6 21. a5 Be8 22. axb6 axb6 23. Ne5 Bxe5 24. fxe5 Qg5 25. Bxc4 Rxc4 26. c3 Bb5 27. Qd2 f4 28. exf4 Qf5 29. h3 h5 30. Kh2 Be8 31. Rb2 R4c7 32. Ra6 Rc6 33. Ra7 R6c7 34. Rba2 Qf7 35. R7a6 Rb7 36. Bd6 Bb5 37. Ra8 Qe8 38. Rxc8 Qxc8 39. f5 exf5 40. Qg5 Be8 41. Rf2 Qe6 42. Qxf5 Qxf5 43. Rxf5 Bf7 44. Rf2 b5 45. Ra2 Be6 46. Ra8+ Kf7 47. Rh8 Kg6 48. Kg3 Bf7 49. Bb4 Rb6 50. Kf4 Rb7 51. g4 hxg4 52. hxg4 1-0

[Event "Abu Dhabi op 25th"]
[Site "Abu Dhabi"]
[Date "2018.08.15"]
[Round "9"]
[White "Karthik, Kumar Pradeep"]
[Black "Priyanka, K."]
[Result "1-0"]
[WhiteElo "2295"]
[BlackElo "2106"]
[PlyCount "71"]
[EventDate "2018.08.07"]
[EventType "swiss"]
[EventRounds "9"]
[EventCountry "UAE"]
[SourceTitle "CBM 185 Extra"]
[Source "ChessBase"]
[SourceDate "2018.07.29"]
[SourceVersion "1"]
[SourceVersionDate "2018.07.29"]
[SourceQuality "1"]

1. e4 c5 2. Nf3 d6 3. c3 Nf6 4. g3 Nc6 5. d3 g6 6. Bg2 Bg7 7. 0-0 0-0 8. Re1 e5 9. a3 a6 10. b4 b6 11. Bb2 Bb7 12. Nbd2 Qc7 13. Rc1 Rac8 14. d4 Rfd8 15. d5 Ne7 16. c4 Nd7 17. Rf1 Rf8 18. h4 Ra8 19. h5 Nf6 20. hxg6 hxg6 21. Ng5 Bc8 22. Qe2 Nh5 23. Bh3 Bxh3 24. Nxh3 Qd7 25. Kg2 Bh6 26. f4 f6 27. Rf2 Rae8 28. Rh1 Kg7 29. Nf1 Rh8 30. f5 Bg5 31. Qg4 Qc8 32. Nxg5 fxg5 33. Qxg5 Nf6 34. fxg6 Neg8 35. Rxh8 Kxh8 36. Rxf6 1-0

[Event "Abu Dhabi op 25th"]
[Site "Abu Dhabi"]
[Date "2018.08.11"]
[Round "5"]
[White "Karthik, Kumar Pradeep"]
[Black "Samant, Aditya S"]
[Result "0-1"]
[WhiteElo "2295"]
[BlackElo "2217"]
[PlyCount "116"]
[EventDate "2018.08.07"]
[EventType "swiss"]
[EventRounds "9"]
[EventCountry "UAE"]
[SourceTitle "CBM 185 Extra"]
[Source "ChessBase"]
[SourceDate "2018.07.29"]
[SourceVersion "1"]
[SourceVersionDate "2018.07.29"]
[SourceQuality "1"]

1. e4 c5 2. Nf3 d6 3. c3 Nf6 4. g3 e6 5. Bg2 Nc6 6. d3 Be7 7. 0-0 0-0 8. Re1 e5 9. h3 Qc7 10. d4 b6 11. d5 Nb8 12. c4 Ne8 13. Nc3 g6 14. Bh6 Ng7 15. Rf1 Nd7 16. Ne1 f5 17. Nd3 Bf6 18. a3 a6 19. a4 Bb7 20. Qd2 Rae8 21. Rae1 Qd8 22. f4 Rf7 23. g4 exf4 24. Nxf4 Bd4+ 25. Kh1 fxg4 26. Bxg7 Bxg7 27. Ne6 Rxf1+ 28. Rxf1 Qh4 29. Qf4 Ne5 30. Nd1 Bh6 31. Qf6 Qxf6 32. Rxf6 gxh3 33. Bxh3 Nxc4 34. Nc7 Re7 35. Ne6 Bg7 36. Rf2 Bc8 37. b3 Ne5 38. Ne3 Rf7 39. Rxf7 Nxf7 40. Nc4 b5 41. Nb6 Bxe6 42. dxe6 Ng5 43. axb5 axb5 44. Bf1 Nxe6 45. Bxb5 Kf8 46. Bc4 Nf4 47. Nd5 Nxd5 48. Bxd5 h5 49. Kg2 g5 50. Be6 Be5 51. Kf2 g4 52. Kg2 Kg7 53. Bd7 Kf6 54. Kf2 Kg5 55. Be8 h4 56. Kg2 h3+ 57. Kh1 g3 58. Bd7 g2+ 0-1

[Event "Abu Dhabi op 25th"]
[Site "Abu Dhabi"]
[Date "2018.08.08"]
[Round "2"]
[White "Isha, Sharma"]
[Black "Karthik, Kumar Pradeep"]
[Result "0-1"]
[WhiteElo "2145"]
[BlackElo "2295"]
[PlyCount "52"]
[EventDate "2018.08.07"]
[EventType "swiss"]
[EventRounds "9"]
[EventCountry "UAE"]
[SourceTitle "CBM 185 Extra"]
[Source "ChessBase"]
[SourceDate "2018.07.29"]
[SourceVersion "1"]
[SourceVersionDate "2018.07.29"]
[SourceQuality "1"]

1. e4 c5 2. Nf3 e6 3. d3 Nc6 4. g3 g6 5. Bg2 Bg7 6. 0-0 Nge7 7. Re1 e5 8. Nbd2 0-0 9. a4 d6 10. Nc4 h6 11. Be3 f5 12. Qc1 Kh7 13. c3 f4 14. gxf4 Bg4 15. fxe5 Bxf3 16. exd6 Nc8 17. Bf4 Bxg2 18. Kxg2 Qf6 19. Bg3 Qf3+ 20. Kg1 Qxd3 21. Na3 Ne5 22. Rd1 Nf3+ 23. Kg2 Nh4+ 24. Bxh4 Qxe4+ 25. Kh3 Qf3+ 26. Bg3 Rf5 0-1

[Event "Veliko Gradiste Silver Lake op-A"]
[Site "Veliko Gradiste"]
[Date "2018.06.20"]
[Round "5"]
[White "Gazik, Viktor"]
[Black "Karthik, Kumar Pradeep"]
[Result "1/2-1/2"]
[WhiteElo "2490"]
[BlackElo "2281"]
[PlyCount "165"]
[EventDate "2018.06.17"]
[EventType "swiss"]
[EventRounds "9"]
[EventCountry "SRB"]
[SourceTitle "CBM 185 Extra"]
[Source "ChessBase"]
[SourceDate "2018.07.29"]
[SourceVersion "1"]
[SourceVersionDate "2018.07.29"]
[SourceQuality "1"]

1. d4 Nf6 2. Nc3 d5 3. Bf4 e6 4. Nb5 Na6 5. e3 c6 6. Nc3 Bb4 7. Bd3 0-0 8. Nge2 Be7 9. e4 Nb4 10. e5 Nd7 11. 0-0 c5 12. dxc5 Nc6 13. Ng3 Ndxe5 14. Bxe5 Nxe5 15. Bxh7+ Kxh7 16. Qh5+ Kg8 17. Qxe5 Bxc5 18. Rad1 f6 19. Qh5 Qe8 20. Qf3 Bd7 21. Rfe1 Qf7 22. Nce2 Bc6 23. Nf4 Rfe8 24. Qg4 f5 25. Qg5 Be7 26. Qh5 Qxh5 27. Ngxh5 Bd7 28. c3 Bd6 29. Ng6 Bc6 30. Nhf4 Kf7 31. Ne5+ Kg8 32. g3 g5 33. Nh3 g4 34. Nf4 Bxe5 35. Rxe5 Kf7 36. Rde1 Bd7 37. h3 gxh3 38. Nxh3 Rg8 39. Kg2 Kf6 40. Nf4 Rae8 41. R5e3 Rh8 42. f3 b6 43. g4 Rhg8 44. Kg3 fxg4 45. fxg4 Rg5 46. Nh3 Rg7 47. Re5 Reg8 48. g5+ Kf7 49. Kg4 Kf8 50. Nf4 Rf7 51. g6 Rxf4+ 52. Kxf4 Rxg6 53. Rg5 Rxg5 54. Kxg5 Ke7 55. a3 a5 56. Re3 a4 57. Re1 Be8 58. Rh1 Bd7 59. Rh2 Kd6 60. Rh6 Ke5 61. Rh4 Kd6 62. Rb4 b5 63. Rh4 e5 64. Rh8 Kc5 65. Rd8 Bh3 66. Re8 Bg2 67. Rxe5 Be4 68. Re8 Kc4 69. Kf4 Kb3 70. Ke3 Kxb2 71. Kd2 Bc2 72. Rb8 Bb3 73. Rxb5 Kxa3 74. Kc1 Bc4 75. Rb4 Bb3 76. Kb1 Bc4 77. Ka1 Bb3 78. Kb1 Bc4 79. Kc2 Bb3+ 80. Kc1 Bc4 81. Rb1 Ka2 82. Rb2+ Ka3 83. Rb1 1/2-1/2

[Event "Veliko Gradiste Silver Lake op-A"]
[Site "Veliko Gradiste"]
[Date "2018.06.17"]
[Round "1"]
[White "Uzuner, Tufan Can"]
[Black "Karthik, Kumar Pradeep"]
[Result "1-0"]
[WhiteElo "1918"]
[BlackElo "2281"]
[PlyCount "81"]
[EventDate "2018.06.17"]
[EventType "swiss"]
[EventRounds "9"]
[EventCountry "SRB"]
[SourceTitle "CBM 185 Extra"]
[Source "ChessBase"]
[SourceDate "2018.07.29"]
[SourceVersion "1"]
[SourceVersionDate "2018.07.29"]
[SourceQuality "1"]

1. d4 Nf6 2. Nf3 e6 3. e3 b6 4. Bd3 Bb7 5. Nbd2 d5 6. Ne5 Bd6 7. f4 0-0 8. Qf3 c5 9. c3 Nfd7 10. Qh3 f5 11. g4 Ba6 12. Bc2 Bxe5 13. fxe5 Nc6 14. Nf3 Bc8 15. Rg1 Qe7 16. Bd2 b5 17. 0-0-0 b4 18. gxf5 exf5 19. Nh4 Ndxe5 20. dxe5 Qxe5 21. Nf3 Qf6 22. Qh4 Qxh4 23. Nxh4 a5 24. Rdf1 Ne7 25. Rg3 g6 26. Kb1 Be6 27. a3 bxa3 28. bxa3 Kh8 29. Ka1 Bf7 30. Rb1 Rfb8 31. Rgg1 Nc6 32. Nf3 Kg7 33. Rxb8 Rxb8 34. Bxf5 d4 35. cxd4 Rb3 36. Bc1 Bd5 37. Ne5 cxd4 38. Nxc6 Bxc6 39. exd4 Rf3 40. Be6 Kf6 41. d5 1-0

[Event "Dubai op 20th"]
[Site "Dubai"]
[Date "2018.04.10"]
[Round "9"]
[White "Karthik, Kumar Pradeep"]
[Black "Dimakiling, Oliver"]
[Result "1-0"]
[WhiteElo "2191"]
[BlackElo "2412"]
[PlyCount "107"]
[EventDate "2018.04.02"]
[EventType "swiss"]
[EventRounds "9"]
[EventCountry "UAE"]
[SourceTitle "CBM 183 Extra"]
[Source "ChessBase"]
[SourceDate "2018.04.19"]
[SourceVersion "1"]
[SourceVersionDate "2018.04.19"]
[SourceQuality "1"]

1. e4 c5 2. Nf3 a6 3. g3 Nc6 4. Bg2 g6 5. 0-0 Bg7 6. c3 e5 7. d3 Nge7 8. a3 0-0 9. b4 cxb4 10. axb4 b5 11. Nbd2 h6 12. Bb2 Rb8 13. Ne1 f5 14. exf5 gxf5 15. f4 d6 16. fxe5 dxe5 17. Nb3 Kh7 18. Qe2 Rf6 19. Nc2 Rg6 20. Kh1 Qd6 21. Nc5 a5 22. Ba3 Nd5 23. bxa5 Nxc3 24. Qe1 b4 25. Nxb4 Nxb4 26. Bxb4 Rxb4 27. Qxc3 Rb5 28. Rac1 Qb8 29. a6 Rgb6 30. Na4 Rxa6 31. Qxc8 Qxc8 32. Rxc8 Rxa4 33. Bh3 e4 34. dxe4 fxe4 35. Bd7 Rba5 36. Bxa4 Rxa4 37. Re8 Kg6 38. Re6+ Kg5 39. Rf4 Bd4 40. Rfxe4 Kf5 41. Re2 h5 42. Rd6 h4 43. Rd5+ Kf6 44. Re4 Ra1+ 45. Kg2 Ra2+ 46. Kf3 Bg1 47. Rxh4 Bxh2 48. Rd1 Ra3+ 49. Kg2 Ra2+ 50. Kh3 Kf5 51. Rh1 Bxg3 52. Kxg3 Ra3+ 53. Kf2 Ra2+ 54. Ke3 1-0

[Event "Dubai op 20th"]
[Site "Dubai"]
[Date "2018.04.08"]
[Round "7"]
[White "Karthik, Kumar Pradeep"]
[Black "Raghunandan, Kaumandur Srihari"]
[Result "1/2-1/2"]
[WhiteElo "2191"]
[BlackElo "2434"]
[PlyCount "127"]
[EventDate "2018.04.02"]
[EventType "swiss"]
[EventRounds "9"]
[EventCountry "UAE"]
[SourceTitle "CBM 183 Extra"]
[Source "ChessBase"]
[SourceDate "2018.04.19"]
[SourceVersion "1"]
[SourceVersionDate "2018.04.19"]
[SourceQuality "1"]

1. d4 d6 2. c4 e5 3. Nf3 e4 4. Ng5 f5 5. g3 Be7 6. h4 Nf6 7. Bg2 0-0 8. Nc3 c6 9. 0-0 Na6 10. Nh3 Nc7 11. d5 Qe8 12. Nf4 Qf7 13. f3 cxd5 14. cxd5 exf3 15. Bxf3 g6 16. Be3 Qg7 17. Bd4 g5 18. hxg5 Qxg5 19. Kg2 b6 20. Rh1 Rf7 21. Rh2 Rg7 22. Kh1 Na6 23. Qd2 Nc5 24. Rg1 Bb7 25. Qe1 Re8 26. Bxc5 bxc5 27. Ne6 Qg6 28. Qc1 h5 29. Nxg7 Kxg7 30. Qf4 Bf8 31. Qh4 Kh6 32. Qf4+ Qg5 33. Rh4 Re5 34. e4 fxe4 35. Nxe4 Qxf4 36. Rxf4 Nxe4 37. Bxe4 Be7 38. Bg2 Bg5 39. Rf7 Be7 40. Rd1 Ba6 41. Bf1 Bc8 42. Rd2 Bg4 43. Kh2 Bg5 44. Rdf2 Rxd5 45. Rxa7 Be3 46. Rf6+ Kg5 47. Rf8 Rd2+ 48. Kh1 Be6 49. Bg2 Rxb2 50. Rg7+ Kh6 51. Re7 Rb1+ 52. Rf1 Rxf1+ 53. Bxf1 Bd5+ 54. Bg2 Bg5 55. Rd7 Bxa2 56. Rxd6+ Kg7 57. Bd5 Bb1 58. Rc6 Be3 59. Kg2 Bd4 60. Kh3 Bf5+ 61. Kh2 Bg4 62. Kg2 Bf5 63. Bf3 Bg6 64. Bd5 1/2-1/2

[Event "Mumbai Wealth op 3rd"]
[Site "Mumbai"]
[Date "2018.01.01"]
[Round "3"]
[White "Shashidhar, B Rai"]
[Black "Karthik, Kumar Pradeep"]
[Result "0-1"]
[WhiteElo "1365"]
[BlackElo "1919"]
[PlyCount "56"]
[EventDate "2017.12.30"]
[EventType "swiss"]
[EventRounds "9"]
[EventCountry "IND"]
[SourceTitle "CBM 182 Extra"]
[Source "ChessBase"]
[SourceDate "2018.02.23"]
[SourceVersion "1"]
[SourceVersionDate "2018.02.23"]
[SourceQuality "1"]

1. e4 c5 2. Nf3 e6 3. c4 Nc6 4. Be2 Nf6 5. Nc3 d5 6. exd5 exd5 7. cxd5 Nxd5 8. d4 Nxc3 9. bxc3 Be6 10. 0-0 Be7 11. Be3 0-0 12. Qd2 c4 13. Qb2 Bd5 14. Nd2 Na5 15. Bf3 a6 16. Rfe1 b5 17. Bf4 Nc6 18. a4 b4 19. Bxd5 Qxd5 20. Nf3 bxc3 21. Qb7 Bd6 22. Qd7 Rad8 23. Qg4 Bxf4 24. Qxf4 Nb4 25. Re5 Qd6 26. Qg4 c2 27. Rg5 Qh6 28. Rh5 c1Q+ 0-1

[Event "Hyderabad op 1st"]
[Site "Hyderabad"]
[Date "2017.10.31"]
[Round "7"]
[White "Singh, S Vikramjit"]
[Black "Karthik, Kumar Pradeep"]
[Result "1-0"]
[WhiteElo "2207"]
[BlackElo "2023"]
[PlyCount "59"]
[EventDate "2017.10.28"]
[EventType "swiss"]
[EventRounds "10"]
[EventCountry "IND"]
[SourceTitle "CBM 181 Extra"]
[Source "ChessBase"]
[SourceDate "2017.12.12"]
[SourceVersion "1"]
[SourceVersionDate "2017.12.12"]
[SourceQuality "1"]

1. Nf3 c5 2. c4 Nc6 3. g3 g6 4. Bg2 Bg7 5. 0-0 d6 6. Nc3 e6 7. d3 Nge7 8. Bg5 h6 9. Bd2 0-0 10. e4 e5 11. a3 a5 12. Rb1 Be6 13. Nd5 Nd4 14. Nxd4 cxd4 15. Qb3 Nxd5 16. cxd5 Bd7 17. f4 f6 18. f5 g5 19. h4 b5 20. Bf3 Kf7 21. Rbc1 Qb6 22. Rc6 Qa7 23. Rxd6 Qc7 24. Rxd7+ Qxd7 25. d6+ Ke8 26. Bh5+ Kd8 27. Qd5 Ra6 28. Rc1 Ra7 29. Rc7 Rxc7 30. Bxa5 1-0

[Event "Mumbai Wealth op 2nd"]
[Site "Mumbai"]
[Date "2016.12.28"]
[Round "3"]
[White "Tukhaev, Adam"]
[Black "Karthik, Kumar Pradeep"]
[Result "1-0"]
[WhiteElo "2516"]
[BlackElo "1899"]
[PlyCount "85"]
[EventDate "2016.12.26"]
[EventType "swiss"]
[EventRounds "9"]
[EventCountry "IND"]
[SourceTitle "CBM 176 Extra"]
[Source "ChessBase"]
[SourceDate "2017.03.02"]
[SourceVersion "1"]
[SourceVersionDate "2017.03.02"]
[SourceQuality "1"]

1. e4 c5 2. Nf3 Nc6 3. Bb5 g6 4. Bxc6 bxc6 5. 0-0 Bg7 6. c3 d5 7. d3 e6 8. e5 Ba6 9. Be3 c4 10. d4 h6 11. Re1 Ne7 12. b4 0-0 13. Bc1 Nc8 14. Nbd2 Nb6 15. Nf1 Nd7 16. Bf4 Bb7 17. Rb1 a5 18. a3 axb4 19. axb4 Ra3 20. Qc1 Qa8 21. Bxh6 Kh7 22. Bxg7 Kxg7 23. Ng3 Rh8 24. h4 Ra6 25. h5 Qd8 26. hxg6 fxg6 27. Qg5 Qxg5 28. Nxg5 Re8 29. Ra1 Re7 30. Rxa6 Bxa6 31. Ra1 Nb8 32. f4 Bc8 33. Ra8 Rb7 34. Kf2 Kf8 35. Nf1 Ke7 36. Ne3 Bd7 37. Ra1 Kd8 38. Nf7+ Ke7 39. Nd6 Rb6 40. Ra8 Na6 41. Rg8 Nc7 42. Ng4 Ne8 43. Rxe8+ 1-0

[Event "IND-ch U13"]
[Site "Gujarath"]
[Date "2016.07.24"]
[Round "4"]
[White "Nimdia, Ridit"]
[Black "Karthik, Kumar Pradeep"]
[Result "1/2-1/2"]
[WhiteElo "1712"]
[BlackElo "2022"]
[PlyCount "53"]
[EventDate "2016.07.22"]
[EventType "swiss"]
[EventRounds "11"]
[EventCountry "IND"]
[SourceTitle "EXT 2017"]
[Source "ChessBase"]
[SourceDate "2016.10.25"]
[SourceVersion "1"]
[SourceVersionDate "2016.10.25"]
[SourceQuality "1"]

1. d4 Nf6 2. c4 e6 3. Nc3 Bb4 4. e3 0-0 5. Nge2 d5 6. a3 Bd6 7. Ng3 Re8 8. Bd3 dxc4 9. Bxc4 e5 10. dxe5 Bxe5 11. Qb3 Qe7 12. 0-0 c6 13. Bd2 h5 14. Qc2 h4 15. Nf5 Bxh2+ 16. Kxh2 Qe5+ 17. f4 Qxf5 18. e4 Ng4+ 19. Kh1 Qh5 20. Be2 Qc5 21. e5 h3 22. b4 Qe7 23. g3 Nh6 24. Kh2 Nf5 25. Qe4 Nd6 26. Qd3 Nf5 27. Qe4 1/2-1/2

[Event "Asian Schools-ch U11 10th"]
[Site "Taichung"]
[Date "2014.08.25"]
[Round "3.3"]
[White "Nisban, Cyrus"]
[Black "Karthik, Kumar Pradeep"]
[Result "1-0"]
[WhiteElo "1562"]
[BlackElo "1454"]
[PlyCount "107"]
[EventDate "2014.08.24"]
[EventType "swiss"]
[EventRounds "9"]
[EventCountry "TPE"]
[SourceTitle "EXT 2024"]
[Source "ChessBase"]
[SourceDate "2023.10.10"]
[SourceVersion "1"]
[SourceVersionDate "2023.10.10"]
[SourceQuality "1"]

1. d4 Nf6 2. Nf3 c5 3. d5 b5 4. Bg5 Qb6 5. Bxf6 Qxf6 6. c3 g6 7. e4 Qb6 8. a4 bxa4 9. Qc2 d6 10. Rxa4 Bg7 11. Be2 0-0 12. 0-0 Bd7 13. Ra1 Bb5 14. Bxb5 Qxb5 15. Na3 Qb7 16. Nc4 Nd7 17. Rfb1 Qc7 18. Ra5 Nb6 19. Nfd2 Bh6 20. Rba1 Bxd2 21. Nxb6 Qxb6 22. Qxd2 Rab8 23. R1a2 Qc7 24. Qc2 Rb6 25. g3 a6 26. Qe2 Qb7 27. Kg2 Rb8 28. Rxa6 Rxa6 29. Rxa6 Qxb2 30. Qxb2 Rxb2 31. Ra3 Kg7 32. Kf3 Kf6 33. Ke3 e5 34. h4 h5 35. f4 exf4+ 36. gxf4 Rb6 37. Ra2 Rb1 38. Re2 Rh1 39. Kd3 Rxh4 40. e5+ Ke7 41. Re4 Rh3+ 42. Kc4 Rf3 43. Kb5 Kd7 44. Ra4 dxe5 45. fxe5 h4 46. Ra7+ Ke8 47. d6 Rd3 48. Kc6 Kf8 49. Ra8+ Kg7 50. d7 h3 51. d8Q Rxd8 52. Rxd8 g5 53. Rd3 g4 54. Rg3 1-0